000 00426nab a2200145Ia 4500
003 ES-SlBCS
005 20210601124300.0
008 140529s1957 xxu||||| |||| 00| 0 eng d
041 _aeng
100 1 _aReilly, Terence
_9139052
245 0 0 _aMission to Kienning-Fu (Part I)
_c Terence Reilly
650 0 4 _aMisión de Kienning Fu
_9139053
773 0 _tDominicana
_gvol. 42, nº. 4, 1957, págs. 331-343
_wRev1398
942 _cAR
999 _c512258
_d512258